UBT Library

Electric machinery fundamentals / (Record no. 853)

000 -LEADER
fixed length control field 00445nam a22001697a 4500
008 - FIXED-LENGTH DATA ELEMENTS--GENERAL INFORMATION
fixed length control field 150520b xxu||||| |||| 00| 0 eng d
020 ## - INTERNATIONAL STANDARD BOOK NUMBER
International Standard Book Number 0070109141
041 0# - LANGUAGE CODE
Language code of text/sound track or separate title eng
080 ## - UNIVERSAL DECIMAL CLASSIFICATION NUMBER
Universal Decimal Classification number 621.31
100 ## - Rafti
Rafti Chapman, Stephen J.
245 00 - TITLE STATEMENT
Title Electric machinery fundamentals /
Statement of responsibility, etc Stephen J. Chapman.
300 ## -
-- 716 f
-- me il
-- 25 cm.
440 ## -
-- Power and energy
505 ## -
-- Index:f. 709-716
650 #0 -
-- Makineria elektrike
942 ## - ADDED ENTRY ELEMENTS (KOHA)
Source of classification or shelving scheme
Item type Books
Holdings
Withdrawn status Lost status Source of classification or shelving scheme Damaged status Not for loan Collection code Permanent location Current location Shelving location Date acquired Total Checkouts Full call number Barcode Date last seen Price effective from Koha item type
          Koleksioni i përgjithshem UBT - Lipjan UBT - Lipjan Koleksioni i përgjithshem 05/20/2015   621.31 CHA 9780070109148 05/20/2015 05/20/2015 Books
UBT Library © 2015-2024. All rights reserved University Education for Business and Technology